[Event "IECC M-5008"]
[Site "IECC email"]
[Date "2004.04.14"]
[Round "?"]
[White "Robertson, John"]
[Black "Sanner, Ryan"]
[Result "0-1"]
[WhiteElo "989"]
[BlackElo "947"]
[PlyCount "125"]
[EventDate "2004.??.??"]
[EventType "tourn (corr)"]
[EventRounds "10"]
[SourceTitle "Corr 2020"]
[Source "ChessBase"]
[SourceDate "2019.09.30"]
[SourceVersion "1"]
[SourceVersionDate "2019.09.30"]
[SourceQuality "1"]
[WhiteTeam "Australia"]
[BlackTeam "United States"]
[WhiteTeamCountry "AUS"]
[BlackTeamCountry "USA"]

1. e4 e5 2. Nf3 Nc6 3. d4 d5 4. exd5 Qxd5 5. Nc3 Qa5 6. d5 Nd4 7. Nxd4 exd4 8. Qxd4 f6 9. Qe4+ Be7 10. Bb5+ Bd7 11. Bxd7+ Kxd7 12. Qf5+ Ke8 13. Bd2 Nh6 14. Qe4 Qb4 15. Qxb4 Bxb4 16. Nb5 Bd6 17. Nxd6+ cxd6 18. Bxh6 gxh6 19. 0-0 Kf7 20. Rae1 Rac8 21. Re2 Rhe8 22. Rxe8 Rxe8 23. c4 Re4 24. b3 h5 25. g3 f5 26. f4 Kf6 27. a4 a5 28. Rd1 b6 29. Kf2 h6 30. Rb1 h4 31. Kg2 hxg3 32. Kxg3 Re3+ 33. Kh4 Kg6 34. h3 Rf3 35. b4 Rxf4+ 36. Kg3 Rxc4 37. bxa5 bxa5 38. Rb6 f4+ 39. Kf3 h5 40. Rxd6+ Kg5 41. Rd8 Rxa4 42. Rg8+ Kh4 43. d6 Rd4 44. Ra8 Kxh3 45. Rxa5 Kh4 46. d7 Rxd7 47. Rf5 Rd4 48. Re5 Ra4 49. Rf5 Ra3+ 50. Kxf4 Ra4+ 51. Kf3 Rg4 52. Rxh5+ Kxh5 53. Kf2 Kh4 54. Kf3 Kh3 55. Kf2 Rg3 56. Kf1 Rg2 57. Ke1 Kg4 58. Kf1 Kf3 59. Ke1 Ra2 60. Kd1 Ke3 61. Kc1 Kd3 62. Kb1 Rh2 63. Ka1 0-1

[Event "IECC M-5005"]
[Site "IECC email"]
[Date "2004.04.08"]
[Round "?"]
[White "Sanner, Ryan"]
[Black "Behr, Robert"]
[Result "0-1"]
[WhiteElo "988"]
[BlackElo "1090"]
[PlyCount "57"]
[EventDate "2004.??.??"]
[EventType "tourn (corr)"]
[EventRounds "10"]
[SourceTitle "Corr 2020"]
[Source "ChessBase"]
[SourceDate "2019.09.30"]
[SourceVersion "1"]
[SourceVersionDate "2019.09.30"]
[SourceQuality "1"]
[WhiteTeam "United States"]
[BlackTeam "France"]
[WhiteTeamCountry "USA"]
[BlackTeamCountry "FRA"]

1. e4 Nc6 2. d4 e5 3. Nf3 exd4 4. Nxd4 Nf6 5. Bg5 Be7 6. Nc3 Ne5 7. f4 Nc6 8. Bc4 d6 9. Bb5 0-0 10. Nxc6 bxc6 11. Bxc6 Rb8 12. b3 Bd7 13. Bxd7 Qxd7 14. e5 Qe6 15. 0-0 dxe5 16. Re1 Bc5+ 17. Kf1 Rbd8 18. Qf3 Ng4 19. Qh3 Qa6+ 20. Ne2 Ne3+ 21. Qxe3 Bxe3 22. Bxd8 Rxd8 23. fxe5 h5 24. c4 Re8 25. Rad1 Rxe5 26. Nc3 Qf6+ 27. Ke2 Bf2+ 28. Kd2 Qf4+ 29. Kc2 0-1

[Event "IECC M-5005"]
[Site "IECC email"]
[Date "2004.04.08"]
[Round "?"]
[White "Sanner, Ryan"]
[Black "Duteau, Jean Henri"]
[Result "0-1"]
[WhiteElo "940"]
[BlackElo "1132"]
[PlyCount "54"]
[EventDate "2004.??.??"]
[EventType "tourn (corr)"]
[EventRounds "10"]
[SourceTitle "Corr 2020"]
[Source "ChessBase"]
[SourceDate "2019.09.30"]
[SourceVersion "1"]
[SourceVersionDate "2019.09.30"]
[SourceQuality "1"]
[WhiteTeam "United States"]
[BlackTeam "Canada"]
[WhiteTeamCountry "USA"]
[BlackTeamCountry "CAN"]

1. d4 Nf6 2. Nc3 g6 3. e4 d6 4. Nf3 Bg7 5. Bd3 0-0 6. Be3 Re8 7. Bc4 Nxe4 8. Nxe4 d5 9. Bb3 dxe4 10. Ne5 e6 11. f3 f6 12. Nc4 b5 13. Na3 b4 14. Nc4 f5 15. a3 Nc6 16. c3 bxc3 17. bxc3 exf3 18. gxf3 Kh8 19. Ba4 Qd5 20. Bb3 Rb8 21. Rf1 Ba6 22. Qd3 Rxb3 23. Ke2 Bxc4 24. Qxc4 Qxc4+ 25. Kf2 Qxc3 26. Rfe1 Bxd4 27. Rac1 Bxe3+ 0-1

[Event "IECC M-4999"]
[Site "IECC email"]
[Date "2004.04.02"]
[Round "?"]
[White "Foletta, Ian"]
[Black "Sanner, Ryan"]
[Result "1-0"]
[WhiteElo "1128"]
[BlackElo "965"]
[PlyCount "63"]
[EventDate "2004.??.??"]
[EventType "tourn (corr)"]
[EventRounds "10"]
[SourceTitle "Corr 2020"]
[Source "ChessBase"]
[SourceDate "2019.09.30"]
[SourceVersion "1"]
[SourceVersionDate "2019.09.30"]
[SourceQuality "1"]
[WhiteTeam "Australia"]
[BlackTeam "United States"]
[WhiteTeamCountry "AUS"]
[BlackTeamCountry "USA"]

1. d4 d5 2. Nc3 Nf6 3. e3 Nc6 4. Nf3 Bg4 5. Be2 e6 6. h3 Bf5 7. 0-0 Ne4 8. Nxe4 Bxe4 9. Nd2 f5 10. Nxe4 fxe4 11. f3 Bd6 12. fxe4 dxe4 13. Bh5+ g6 14. Qg4 Qe7 15. Bxg6+ hxg6 16. Qxg6+ Kd7 17. Rf7 Rhg8 18. Rxe7+ Nxe7 19. Qxe4 c6 20. Qf3 Raf8 21. Qe2 Nf5 22. Qh5 Ng3 23. Qh7+ Be7 24. Bd2 Rh8 25. Qg7 Ne2+ 26. Kh2 Kd8 27. e4 b5 28. Ba5+ Ke8 29. Qg6+ Kd7 30. d5 Bd6+ 31. g3 Nxg3 32. Qxe6# 1-0

[Event "IECG CN.2002.0.00277 email"]
[Site "IECG email"]
[Date "2002.01.16"]
[Round "?"]
[White "Sanner, Ryan"]
[Black "Samartzis, John"]
[Result "1-0"]
[WhiteElo "800"]
[BlackElo "800"]
[PlyCount "33"]
[EventDate "2002.01.16"]
[EventType "tourn (corr)"]
[EventRounds "6"]
[SourceTitle "Corr 2008"]
[Source "ChessBase"]
[SourceDate "2008.06.24"]
[SourceVersion "1"]
[SourceVersionDate "2008.06.24"]
[SourceQuality "1"]

1. e4 e5 2. Nf3 Nc6 3. d4 exd4 4. Nxd4 Nf6 5. Nc3 Bc5 6. Nxc6 dxc6 7. Qxd8+ Kxd8 8. Bg5 Ke7 9. 0-0-0 h6 10. Be3 Bxe3+ 11. fxe3 Re8 12. e5 Ng4 13. Re1 Be6 14. b3 Nxe5 15. h3 Kf8 16. Ne4 Nd7 17. Be2 1-0